| 000 | 01579cam a22003857a 4500 | ||
|---|---|---|---|
| 003 | CHAP | ||
| 005 | 20220817043634.0 | ||
| 008 | 000315d1994 mx r 00110 spa d | ||
| 010 | _a80367 | ||
| 011 | _a81339 | ||
| 035 | _a91808 | ||
| 040 | _cCHAP | ||
| 090 | _aFolleto 15504 | ||
| 110 | 2 |
_aConfederación Nacional Ganadera. Dirección de Estudios Económicos y Comercio Internacional _926399 |
|
| 245 | 1 | 0 |
_aInformación económica pecuaria _c/por Confederación Nacional Ganadera. Dirección de Estudios Económicos y Comercio Internacional |
| 260 |
_aMéxico, D.F. : _bConfederación Nacional Ganadera. Dirección de Estudios Económicos y Comercio Internacional, _c1994- |
||
| 300 | _av. | ||
| 500 | _aLa biblioteca tiene : v.3, v.5, v.6 | ||
| 590 |
_aBATCH-UPD _b10 _c20130110 _lUCH01 _h0042 |
||
| 590 |
_aBATCH-UPD _b10 _c20130110 _lUCH01 _h0620 |
||
| 590 |
_aBATCH-UPD _b10 _c20130409 _lUCH01 _h2028 |
||
| 590 |
_aBATCH-UPD _b10 _c20130410 _lUCH01 _h1149 |
||
| 590 |
_aBATCH-UPD _b10 _c20130914 _lUCH01 _h1941 |
||
| 590 |
_aCONVERSION _b10 _c20130109 _lUCH01 _h1345 |
||
| 650 | 1 | 4 |
_aProductos pecuarios _xConsumo. _992165 |
| 650 | 1 | 4 |
_aProductos pecuarios _xExportación. _992174 |
| 650 | 1 | 4 |
_aProductos pecuarios _xImportación. _992177 |
| 650 | 1 | 4 |
_aProductos pecuarios _xMercadeo. |
| 901 | _aBK | ||
| 905 | _aGuadalupe Pinto C. | ||
| 942 | _cFOLL | ||
| 949 |
_aFolleto 15504 _bBC _cFOLL _d918081 _eTS1 _fv.3 _i91808 _sb |
||
| 949 |
_aFolleto 15504 _bBC _cFOLL _d918085 _eTS2 _fv.5 _gDonaciØn _i91808 _sb |
||
| 949 |
_aFolleto 15504 _bBC _cFOLL _d918086 _eTS2 _fv.6 _gDonaciØn _i91808 _sb |
||
| 999 |
_c80367 _d80367 |
||